000 00642nam a2200277Ia 4500
005 20260324131602.0
008 008 260324s9999 xx 000 0 eng d
020 _a9781315553825
037 _aEBOOK
040 _aCRL
040 _beng
040 _cCRL
041 _2eng
041 _aeng
084 _qCRL
100 _aJ. Craig Barker
_91186055
245 4 _aThe Protection of Diplomatic Personnel
260 _bTaylor and Francis
260 _c2006
365 _a
365 _b240
856 _uhttp://www.taylorfrancis.com/books/9781315553825
942 _cEBOOK
999 _c1783364
_d1783364